00461nam a22001457a 450000500170000002000180001708200160003510000240005124500270007526000410010230000110014394200120015499900190016695201300018520260424122252.0 a9789383101276 a639.9 SHU.G aShukla, O.P.913828 aGreen Transformation / aJaipur : bAgrotech press , cc2025. a256 p. 2ddccBK c758983d758983 00102ddc4070aBOTbBOTcGENd2026-04-24eSouthern book starl0o639.9 SHU.GpBOT10967r2026-04-24 12:27:08w2026-04-24yBK